| 000 | 00849nam a22002057a 4500 | ||
|---|---|---|---|
| 999 |
_c18006 _d18006 |
||
| 003 | AR-CdUCM | ||
| 008 | 190305b ||||| |||| 00| 0 spa d | ||
| 040 |
_aMUNICIPALIDAD PROVINCIAL DEL CUSCO _cBIBLIOTECA MUNICIPAL DEL CUSCO |
||
| 082 |
_a335.43 / _bC70 |
||
| 100 |
_aLenin, V. _935869 |
||
| 245 | _aLa enfermedad infantil del izquierdismo en el comunismo / | ||
| 260 |
_aMoscú : _bLenguas extrangeras, |
||
| 300 |
_a123 páginas ; _c19 cm. |
||
| 505 | _aContenido : ¿En que sentido puede hablarse de la importancia internacional de la revolución rusa? -- Una de las condiciones fundamentales del éxito de los bolcheviques -- Las etapas principales de la historia del bolchevismo ... | ||
| 650 |
_aIzquierdismo _910322 |
||
| 650 |
_aBolchevismo _935376 |
||
| 650 |
_aSociología _9276 |
||
| 942 |
_2ddc _cLIBROS |
||
| 945 |
_adavv _d2019-05-11 |
||